000 00851nam a2200229 i 4500
001 28909
003 ES-MaACL
005 20250928114434.0
007 t|
008 030120s1872 sp ||||1| spa d
100 1 _aBalaguer, Víctor,
_d1824-1901
_924806
245 1 0 _aMemorias de un constituyente
_b: estudios históricos y políticos /
_cVíctor Balaguer.
260 _aMadrid :
_bLibrería de Medina y Navarro,
_c1872 (
_fImp. Bibl. Inst. y Recreo)
300 _a374 p. ;
_c18 cm.
530 _aDisponible en formato digital.
600 1 4 _aAli Bey el Abbassi,
_d1767-1822
_919912
651 4 _aCataluña-
_xHistoria.
_98013
651 4 _aEspaña-
_xHistoria-
_y1870-1873, Amadeo I
_98261
852 _aES-MaACL
_jD-1427
856 _uhttp://hdl.handle.net/10651/3356
_zRepositorio de la Universidad de Oviedo
999 _c28909
_d28909